00301nam a2200121Ia 4500008004100000100002400041245002700065260003700092300000800129650001800137942000700155999001700162190216s9999||||xx |||||||||||||| ||und|| aWilliam Shakespeare 4aThe Merchant Of Venice bUniversity Of London Pressc1964 a315 aEnglish Drama cBK c14543d14543